000
00297 a2200145 4500
001
159643
020
_a
040
_c
Magnum
100
_a
Thimmons, Christine
240
1
0
_a
O livro dos sons
_l
por
245
1
0
_a
O livro dos sons
362
0
_a
1899
697
_a
MAGNITO: COLECAO
942
_c
BK
999
_c
159643
_d
159643